[Event "Ruhrgebiet-ch Seniors 18th"]
[Site "Essen"]
[Date "2011.03.29"]
[Round "2"]
[White "Schroeer, Helmut"]
[Black "Andersen, Knut"]
[Result "1/2-1/2"]
[WhiteElo "1821"]
[BlackElo "1991"]
[PlyCount "98"]
[EventDate "2011.03.28"]
[EventType "swiss"]
[EventRounds "9"]
[EventCountry "GER"]
[SourceTitle "EXT 2012"]
[Source "ChessBase"]
[SourceDate "2011.11.24"]
[SourceVersion "1"]
[SourceVersionDate "2011.11.24"]
[SourceQuality "1"]

1. c4 Nf6 2. Nf3 e6 3. g3 d5 4. Bg2 Bd6 5. b3 0-0 6. Bb2 Nbd7 7. 0-0 c6 8. d3 Re8 9. Nbd2 e5 10. cxd5 cxd5 11. Nh4 Nb6 12. e4 Bg4 13. f3 Be6 14. Rc1 Qd7 15. f4 Bg4 16. Bf3 Rac8 17. Qe2 Bxf3 18. Qxf3 Bc5+ 19. Kg2 Bd4 20. Bxd4 exd4 21. f5 Rc6 22. Qf4 dxe4 23. dxe4 d3 24. Nhf3 Rc2 25. Kh3 Rec8 26. Rce1 Ne8 27. g4 f6 28. Rg1 Qd6 29. Qe3 Rxa2 30. g5 fxg5 31. Qxg5 Qf6 32. Qf4 Qf7 33. Rg5 Nd7 34. e5 Nc5 35. Qg3 Rc6 36. e6 Qc7 37. Qh4 Qe7 38. b4 Nxe6 39. Rxe6 Rxe6 40. fxe6 Qxe6+ 41. Kg3 Rxd2 42. Nxd2 Qe1+ 43. Kh3 Qxd2 44. Qc4+ Kf8 45. Qc5+ Kf7 46. Qd5+ Kf8 47. Qc5+ Kf7 48. Qe5 Qe2 49. Qxe2 dxe2 1/2-1/2

[Event "Essen op04"]
[Site "Essen"]
[Date "2005.04.20"]
[Round "9"]
[White "Mueller, Falk"]
[Black "Schroeer, Helmut"]
[Result "1/2-1/2"]
[WhiteElo "1997"]
[BlackElo "1897"]
[PlyCount "22"]
[EventDate "2005.04.04"]
[EventType "swiss"]
[EventRounds "9"]
[EventCountry "GER"]
[SourceTitle "EXT 2007"]
[Source "ChessBase"]
[SourceDate "2006.11.23"]
[SourceVersion "1"]
[SourceVersionDate "2006.11.23"]
[SourceQuality "1"]

1. e4 c5 2. Nf3 Nc6 3. d4 cxd4 4. Nxd4 Nf6 5. Nc3 e5 6. Ndb5 d6 7. Nd5 Nxd5 8. exd5 Nb8 9. c4 Be7 10. Bd3 0-0 11. 0-0 Bd7 1/2-1/2

[Event "Essen op04"]
[Site "Essen"]
[Date "2005.04.06"]
[Round "3"]
[White "Schroeer, Helmut"]
[Black "Der, Josef"]
[Result "1-0"]
[WhiteElo "1897"]
[BlackElo "1644"]
[PlyCount "53"]
[EventDate "2005.04.04"]
[EventType "swiss"]
[EventRounds "9"]
[EventCountry "GER"]
[SourceTitle "EXT 2007"]
[Source "ChessBase"]
[SourceDate "2006.11.23"]
[SourceVersion "1"]
[SourceVersionDate "2006.11.23"]
[SourceQuality "1"]

1. e4 d6 2. d4 Nf6 3. Nc3 e6 4. Nf3 Be7 5. h3 0-0 6. Be3 Nbd7 7. Be2 b6 8. 0-0 Bb7 9. Nd2 e5 10. f4 exd4 11. Bxd4 h6 12. Bf3 Re8 13. Rf2 c5 14. Be3 Nh7 15. Nc4 Bf8 16. Nxd6 Bxd6 17. Qxd6 Re6 18. Qd2 Qe7 19. Rd1 Bc6 20. Nd5 Bxd5 21. Qxd5 Rd8 22. e5 Nhf8 23. Bg4 Rg6 24. f5 Rxg4 25. hxg4 Re8 26. Bf4 Qh4 27. Rd3 1-0

[Event "Ruhrgebiet-ch Seniors 11th"]
[Site "Essen"]
[Date "2004.03.10"]
[Round "3"]
[White "Achenbach, Manfred"]
[Black "Schroeer, Helmut"]
[Result "1/2-1/2"]
[WhiteElo "1998"]
[BlackElo "1922"]
[PlyCount "90"]
[EventDate "2004.03.08"]
[EventType "swiss"]
[EventRounds "9"]
[EventCountry "GER"]
[SourceTitle "EXT 2006"]
[Source "ChessBase"]
[SourceDate "2005.11.24"]
[SourceVersion "1"]
[SourceVersionDate "2005.11.24"]
[SourceQuality "1"]

1. e4 c5 2. d4 cxd4 3. c3 d5 4. exd5 Qxd5 5. cxd4 e6 6. Nc3 Qa5 7. Nf3 Nf6 8. Bd2 Be7 9. Bc4 Qd8 10. 0-0 0-0 11. Bf4 a6 12. Rc1 Nc6 13. Be2 Bd7 14. Ne5 Be8 15. Be3 Nb4 16. Bf3 Nbd5 17. Bg5 Rc8 18. Nxd5 Nxd5 19. Rxc8 Qxc8 20. Bxe7 Nxe7 21. Qd2 Nd5 22. Rc1 Qd8 23. h3 h6 24. b3 f6 25. Nd3 Bc6 26. Nc5 Re8 27. Nxa6 Qb6 28. Nc5 Nb4 29. Bxc6 Nxc6 30. Qc3 Nb4 31. Qd2 Kf7 32. Na4 Qd6 33. Nc5 Qb6 34. a3 Nd5 35. b4 Ra8 36. Qd3 Rd8 37. Re1 Re8 38. Qc4 Qc7 39. Qb3 b6 40. Nd3 Qd7 41. Rc1 Rc8 42. Rxc8 Qxc8 43. a4 Qc7 44. g3 Ke7 45. b5 Qc3 1/2-1/2

[Event "Ruhrgebiet-ch Seniors 10th"]
[Site "Essen"]
[Date "2003.04.07"]
[Round "7"]
[White "Schroeer, Helmut"]
[Black "Szymaniak, Horst"]
[Result "0-1"]
[WhiteElo "1854"]
[BlackElo "2017"]
[PlyCount "44"]
[EventDate "2003.04.??"]
[EventType "swiss"]
[EventRounds "9"]
[EventCountry "GER"]
[SourceTitle "EXT 2006"]
[Source "ChessBase"]
[SourceDate "2005.11.24"]
[SourceVersion "1"]
[SourceVersionDate "2005.11.24"]
[SourceQuality "1"]

1. e4 e5 2. Nf3 Nc6 3. Bb5 a6 4. Ba4 Nf6 5. 0-0 Be7 6. Re1 b5 7. Bb3 0-0 8. c3 d5 9. d3 dxe4 10. dxe4 Bg4 11. Bg5 Qxd1 12. Rxd1 Nxe4 13. Bxe7 Nxe7 14. Re1 Bxf3 15. gxf3 Ng5 16. Nd2 Rad8 17. Rxe5 Nh3+ 18. Kf1 Ng6 19. Re2 Ngf4 20. Ne4 Nxe2 21. Kxe2 Rfe8 22. Kf1 Kf8 0-1

[Event "Ruhrgebiet-ch Seniors 10th"]
[Site "Essen"]
[Date "2003.03.31"]
[Round "4"]
[White "Schroeer, Helmut"]
[Black "Nietmann, Friedrich"]
[Result "1-0"]
[WhiteElo "1854"]
[BlackElo "1379"]
[PlyCount "39"]
[EventDate "2003.04.??"]
[EventType "swiss"]
[EventRounds "9"]
[EventCountry "GER"]
[SourceTitle "EXT 2006"]
[Source "ChessBase"]
[SourceDate "2005.11.24"]
[SourceVersion "1"]
[SourceVersionDate "2005.11.24"]
[SourceQuality "1"]

1. e4 d6 2. d4 Nf6 3. Nc3 g6 4. Be3 Bg7 5. Qd2 Ng4 6. Bg5 f6 7. Bf4 e5 8. dxe5 dxe5 9. Qxd8+ Kxd8 10. 0-0-0+ Bd7 11. Bg3 Bh6+ 12. Kb1 f5 13. h3 f4 14. hxg4 Bg5 15. Bh4 Bxh4 16. Rxh4 c6 17. Nf3 g5 18. Nxg5 Ke7 19. Nf3 b5 20. Nxe5 1-0

[Event "Ruhrgebiet-ch Seniors 10th"]
[Site "Essen"]
[Date "2003.03.24"]
[Round "1"]
[White "Maletzki, Heinz"]
[Black "Schroeer, Helmut"]
[Result "0-1"]
[WhiteElo "1526"]
[BlackElo "1854"]
[PlyCount "86"]
[EventDate "2003.04.??"]
[EventType "swiss"]
[EventRounds "9"]
[EventCountry "GER"]
[SourceTitle "EXT 2006"]
[Source "ChessBase"]
[SourceDate "2005.11.24"]
[SourceVersion "1"]
[SourceVersionDate "2005.11.24"]
[SourceQuality "1"]

1. e4 c5 2. Nc3 e6 3. Nf3 a6 4. a3 Nc6 5. Bc4 Qc7 6. d3 Nge7 7. Be3 Ng6 8. Qd2 Be7 9. Ne2 d6 10. Ng3 0-0 11. h4 Nge5 12. Ba2 Nxf3+ 13. gxf3 b5 14. c3 Bb7 15. h5 Rfe8 16. Rg1 Ne5 17. Ke2 d5 18. Bf4 Bd6 19. Rg2 Rad8 20. Rag1 Kh8 21. Nf1 g6 22. Bg5 Be7 23. hxg6 dxe4 24. g7+ Kg8 25. fxe4 Bxe4 26. Bxe7 Bf3+ 27. Ke3 Rxd3+ 28. Qxd3 Nxd3 29. Kxf3 Ne1+ 30. Ke2 Nxg2 31. Rxg2 Rxe7 32. Bb1 f5 33. Ne3 Rxg7 34. Rxg7+ Qxg7 35. Ba2 Qe5 36. Kd2 Kg7 37. Kc2 h5 38. b4 c4 39. a4 h4 40. axb5 axb5 41. Kd2 h3 42. Nf1 h2 43. Ng3 Qxg3 0-1

[Event "Ruhr-ch Seniors 9th"]
[Site "Essen"]
[Date "2002.03.19"]
[Round "8"]
[White "Rodemann, Edmund"]
[Black "Schroeer, Helmut"]
[Result "1/2-1/2"]
[WhiteElo "1903"]
[BlackElo "1896"]
[PlyCount "44"]
[EventDate "2002.03.??"]
[EventType "swiss"]
[EventRounds "9"]
[EventCountry "GER"]
[SourceTitle "EXT 2006"]
[Source "ChessBase"]
[SourceDate "2005.11.24"]
[SourceVersion "1"]
[SourceVersionDate "2005.11.24"]
[SourceQuality "1"]

1. e4 c5 2. c3 Nf6 3. e5 Nd5 4. d4 cxd4 5. Nf3 e6 6. cxd4 Nc6 7. a3 d6 8. Bd3 dxe5 9. dxe5 Be7 10. 0-0 Bd7 11. b4 a6 12. Ra2 Rc8 13. Qe2 Na7 14. Bd2 Bb5 15. Rc1 Rxc1+ 16. Bxc1 0-0 17. Bxb5 Nxb5 18. Rc2 Qd7 19. g3 h6 20. Bb2 Rc8 21. Qd1 Rxc2 22. Qxc2 Qc7 1/2-1/2

[Event "Ruhr-ch Seniors 9th"]
[Site "Essen"]
[Date "2002.03.06"]
[Round "3"]
[White "Schroeer, Helmut"]
[Black "Schmidt, Peter1111"]
[Result "1-0"]
[WhiteElo "1896"]
[BlackElo "1603"]
[PlyCount "93"]
[EventDate "2002.03.??"]
[EventType "swiss"]
[EventRounds "9"]
[EventCountry "GER"]
[SourceTitle "EXT 2006"]
[Source "ChessBase"]
[SourceDate "2005.11.24"]
[SourceVersion "1"]
[SourceVersionDate "2005.11.24"]
[SourceQuality "1"]

1. e4 e5 2. Bc4 Nf6 3. d3 Bc5 4. Nf3 d6 5. c3 Bg4 6. Nbd2 Nc6 7. a4 d5 8. exd5 Nxd5 9. Ne4 Bb6 10. Bg5 f6 11. Bd2 Qd7 12. b4 a5 13. Nc5 Bxc5 14. bxc5 Nce7 15. h3 Bh5 16. Nxe5 Qf5 17. Nf3 Bxf3 18. Qxf3 Qxf3 19. gxf3 c6 20. Rb1 0-0-0 21. Kd1 Ng6 22. Rg1 Rhe8 23. d4 Re7 24. Rg4 f5 25. Rg5 Nh4 26. Rh5 Nxf3 27. Rxh7 Nf6 28. Bd3 Nxd2 29. Bxf5+ Kb8 30. Kxd2 Nxh7 31. Bxh7 Rf8 32. Rf1 Rf3 33. Bd3 Rxh3 34. c4 Rh4 35. Kc3 Rf4 36. d5 cxd5 37. cxd5 Rxa4 38. d6 Rd7 39. Bb5 Ra3+ 40. Kb2 Rxd6 41. cxd6 Rf3 42. d7 Rf8 43. f3 g5 44. Re1 Rd8 45. Re8 Kc7 46. Rxd8 Kxd8 47. Ka3 1-0